000 00399nam a2200145Ia 4500
008 210210b1985 xxu||||| |||| 00| 0 eng d
082 _a809.88914 SRIE
100 _aSRINIVASAN (K S).
245 _aEthos of Indian literature.
260 _aN D
_bChanakya Publications
_c1985
300 _axii,244
650 _aIndian Literature Romantic Tradition
690 _aIndian Literature
906 _a039283
999 _c89175
_d89175